Learning to live with the bomb : (Record no. 554323)

000 -LEADER
fixed length control field 00615cam a2200181 i 4500
020 ## - INTERNATIONAL STANDARD BOOK NUMBER
International Standard Book Number 9780199404568
082 ## - DEWEY DECIMAL CLASSIFICATION NUMBER
Classification number 954.91
Author Mark SAL
100 1# - MAIN ENTRY--PERSONAL NAME
Personal name Salik, Naeem,
9 (RLIN) 30768
245 10 - TITLE STATEMENT
Title Learning to live with the bomb :
Remainder of title Pakistan, 1998-2016 /
Statement of responsibility, etc. Naeem Salik.
250 ## - EDITION STATEMENT
Edition statement First edition.
300 ## - PHYSICAL DESCRIPTION
Extent xxii, 328 pages ;
Dimensions 23 cm
526 ## - STUDY PROGRAM INFORMATION NOTE
Program name 0
Interest level 0
Reading level 0
Title point value 954_910000000000000_SAL
650 #0 - SUBJECT ADDED ENTRY--TOPICAL TERM
Topical term or geographic name entry element Command and control systems
Geographic subdivision Pakistan.
9 (RLIN) 13003
650 #0 - SUBJECT ADDED ENTRY--TOPICAL TERM
Topical term or geographic name entry element National security
Geographic subdivision Pakistan.
9 (RLIN) 1620
650 #0 - SUBJECT ADDED ENTRY--TOPICAL TERM
Topical term or geographic name entry element Nuclear weapons
General subdivision Government policy
Geographic subdivision Pakistan.
9 (RLIN) 12989
650 #0 - SUBJECT ADDED ENTRY--TOPICAL TERM
Topical term or geographic name entry element Nuclear weapons
Geographic subdivision Pakistan.
9 (RLIN) 12988
942 ## - ADDED ENTRY ELEMENTS (KOHA)
Source of classification or shelving scheme
Koha item type Book
Holdings
Withdrawn status Lost status Source of classification or shelving scheme Damaged status Not for loan Permanent Location Current Location Date acquired Total Checkouts Full call number Barcode Date last seen Date last checked out Price effective from Koha item type
          Military College of Engineering (MCE) Military College of Engineering (MCE) 12/16/2019 1 954.91 SAL MCE-51392 05/08/2020 04/24/2020 12/16/2019 Book
© 2023 Central Library, National University of Sciences and Technology. All Rights Reserved.